Effect of Tax Principles on Tax Compliance Among Small and Medium Enterprises in Eldoret Town (Record no. 216009)

MARC details
000 -LEADER
fixed length control field 00632nam a22001577a 4500
008 - FIXED-LENGTH DATA ELEMENTS--GENERAL INFORMATION
fixed length control field 250811b |||||||| |||| 00| 0 eng d
050 ## - LIBRARY OF CONGRESS CALL NUMBER
Classification number THE HJ 2305 .K4 N525 2020
Item number C.1
100 ## - MAIN ENTRY--PERSONAL NAME
Personal name Njiri, Alice Akinyi
245 ## - TITLE STATEMENT
Title Effect of Tax Principles on Tax Compliance Among Small and Medium Enterprises in Eldoret Town
260 ## - PUBLICATION, DISTRIBUTION, ETC.
Place of publication, distribution, etc. Kisii
Name of publisher, distributor, etc. Kisii University
Date of publication, distribution, etc. 2020
300 ## - PHYSICAL DESCRIPTION
Extent xv, 94p.:ill.
500 ## - GENERAL NOTE
General note Includes bibliographical references
650 ## - SUBJECT ADDED ENTRY
Topical term or geographic name entry element 1. Taxation - Kenya. 2. Tax administration and procedure - Kenya. 3. Tax compliance - Kenya. 4. Small business - Taxation - Kenya.
942 ## - ADDED ENTRY ELEMENTS (KOHA)
Source of classification or shelving scheme Library of Congress Classification
Koha item type Reference

No items available.